| 000 | 01040nam a2200313Ia 4500 | ||
|---|---|---|---|
| 003 | OSt | ||
| 005 | 20221006160218.0 | ||
| 006 | a|||||r|||| 00| 0 | ||
| 007 | ta | ||
| 008 | 221006b |||||||| |||| 00| 0 eng d | ||
| 020 |
_a9788971994191 _c _45.00 |
||
| 024 | _a44,625 | ||
| 037 |
_bGift, Window on Korea _cTextual |
||
| 040 |
_aEASL _cEASL _beng |
||
| 041 |
_2eng _aeng |
||
| 082 | _aY4.495, Q0 | ||
| 100 |
_aCho Sun-mie _9672427 |
||
| 245 | 0 |
_aGreat Korean portraits _b Immortal images of the noble and the brave |
|
| 260 |
_aGyeonggi-Do _bDolbegae Publishers Korea _c2010 |
||
| 300 |
_a354p. _ccm. |
||
| 490 | _v KEL | ||
| 650 |
_a Korea - Portraits of eminent Buddhist monks _9672428 |
||
| 650 |
_a Korea - Portraits of Senior officials _9672429 |
||
| 650 |
_a Korea - Portraits of the Literati _9672430 |
||
| 650 |
_a Korea - Portraits of women _9672431 |
||
| 650 |
_aKorea - Portraits of Kings _9672432 |
||
| 942 |
_hY4.495, Q0 _cTEXL _2CC |
||
| 999 |
_c1112717 _d1112717 |
||